Misspelled countries - Statistics

General Stats
  • This quiz has been taken 61 times
  • The average score is 15 of 15
Answer Stats
Misspelled Correct Way % Correct
Arjenteena Argentina
100%
Brezill Brazil
100%
Chilley Chile
100%
Chaina China
100%
Franss France
100%
Jurmeny Germany
100%
Indeeya India
100%
Juhpean Japan
100%
Rushia Russia
100%
Saoth Kurea South Korea
100%
Ukrein Ukraine
100%
Yunaited Kingdum United Kingdom
100%
Keanadah Canada
98%
Yunaited Steits United States
98%
Meksicow Mexico
96%
No matching quizzes found
Score Distribution
Percent of People with Each Score
Percentile by Number Answered
Your Score History
You have not taken this quiz